ბათუმის შოთა რუსთაველის სახელმწიფო უნივერსიტეტის ბიბლიოთეკა

ტურიზმისა და სტუმარმასპინძლობის საფუძვლები = Tourism and hospitality / (ბიბ.ჩანაწერი № 36684)

000 -ლიდერი
ფიქსირებული სიგრძის საკონტროლო ველი 01226nam a2200253Ia 4500
001 - საკონტროლო ნომერი
საკონტროლო ველი 2611
003 - საკონტროლო ნომრის იდენტიფიკატორი
საკონტროლო ველი GE_BSU
005 - ბოლო ოპერაციის თარიღი და დრო
საკონტროლო ველი 20211108102452.0
008 - ფიქსირებული სიგრძის მონაცემთა ელემენტები - ზოგადი ინფორმაცია
ფიქსირებული სიგრძის საკონტროლო ველი 181216s2008||||ge |||||||||||||| ||geo||
020 ## - წიგნის საერთაშორისო სტანდარტული ნომერი
International Standard Book Number 9789994062072
040 ## - კატალოგიზაციის წყარო
Transcribing agency GE_BSU
041 ## - ენის კოდი
Language code of text/sound track or separate title geo
080 ## - უნივერსალური ათობითი კლასიფიკაციის ინდექსი
Universal Decimal Classification number 338.48(075.8) მ–59
100 ## - მთავარი ჩანაწერი - პიროვნების სახელი
Personal name მეტრეველი, მარინა
9 (RLIN) 11911
245 ## - ცნობა სათაურის შესახებ
Title ტურიზმისა და სტუმარმასპინძლობის საფუძვლები = Tourism and hospitality /
Statement of responsibility, etc [მარინა მეტრეველი ; სარედ. კოლ.: მარი წერეთელი და სხვ.].
264 ## - წარმოების, გამოცემის, დისტრიბუციის და სხვა ცნობები
გამოცემის, წარმოების, დისტრიბუციის... ადგილი თბ.:
გამოცემის, წარმოების, დისტრიბუციის... სახელწოდება შპს "ფორმა'',
გამოცემის, წარმოების, დისტრიბუციის... თარიღი 2008.
300 ## - ფიზიკური აღწერა
Extent 470 გვ.
Other physical details სურ., ცხრ. ;
Dimensions 21 სმ.
504 ## - BIBLIOGRAPHY, ETC. NOTE
Bibliography, etc ბიბლიოგრ.: გვ. 465-468.
653 ## - INDEX TERM--UNCONTROLLED
Uncontrolled term ტურიზმისა და სტუმარმასპინძლობის საფუძვლები
653 ## - INDEX TERM--UNCONTROLLED
Uncontrolled term ტურიზმი
653 ## - INDEX TERM--UNCONTROLLED
Uncontrolled term სტუმარმასპინძლობა
700 ## - ADDED ENTRY--PERSONAL NAME
Personal name წერეთელი, მარი და სხვ.
Relator term რედაქტორი
9 (RLIN) 11912
942 ## - ADDED ENTRY ELEMENTS (KOHA)
Koha item type წიგნი
Source of classification or shelving scheme
ეგზემპლარები
ჩამოწერის სტატუსი დაკარგული ეგზემპლარის სტატუსი კლასიფიკაციის წყარო ან თაროზე გაწყობის სქემა დაზიანების სტატუსი არ გაიცემა მუდმივი მდებარეობა (დაცვის ადგილი) ამჟამინდელი ადგილსამყოფელი შეძენის თარიღი ღირებულება, შესყიდვის ნორმალური ფასი სრული შენახვის შიფრი შტრიხკოდი ბოლო ოპერაციის თარიღი ეგზემპლარის მიმდევრობითი ნომერი (კეტერი?) ფასის ძალაში შესვლის თარიღი ეგზემპლარის სახეობა საჯარო შენიშვნა თაროზე განთავსების ადგილი
          ბათუმის შოთა რუსთაველის სახელმწიფო უნივერსიტეტის მთავარი ბიბლიოთეკა ბათუმის შოთა რუსთაველის სახელმწიფო უნივერსიტეტის მთავარი ბიბლიოთეკა 2018-12-17 20.00 338.48(075.8) მ–59 2383 2018-12-17 2383 2018-12-17 წიგნი 20 ლ.  
          ბათუმის შოთა რუსთაველის სახელმწიფო უნივერსიტეტის მთავარი ბიბლიოთეკა ბათუმის შოთა რუსთაველის სახელმწიფო უნივერსიტეტის მთავარი ბიბლიოთეკა 2018-12-17 20.00 338.48(075.8) მ–59 2384 2018-12-17 2384 2018-12-17 წიგნი 20 ლ. წიგნსაცავი
          ბათუმის შოთა რუსთაველის სახელმწიფო უნივერსიტეტის მთავარი ბიბლიოთეკა ბათუმის შოთა რუსთაველის სახელმწიფო უნივერსიტეტის მთავარი ბიბლიოთეკა 2021-05-31 20.00 338.48(075.8) მ–59 1019 2021-05-31 1019 2021-05-31 წიგნი 20.00 ₾. წიგნსაცავი
          ბათუმის შოთა რუსთაველის სახელმწიფო უნივერსიტეტის მთავარი ბიბლიოთეკა ბათუმის შოთა რუსთაველის სახელმწიფო უნივერსიტეტის მთავარი ბიბლიოთეკა 2021-05-31 25.00 338.48(075.8) მ–59 26545 2021-05-31 26545 2021-05-31 წიგნი 25 ლ. წიგნსაცავი
          ბათუმის შოთა რუსთაველის სახელმწიფო უნივერსიტეტის მთავარი ბიბლიოთეკა ბათუმის შოთა რუსთაველის სახელმწიფო უნივერსიტეტის მთავარი ბიბლიოთეკა 2021-05-31 25.00 338.48(075.8) მ–59 26546 2021-05-31 26546 2021-05-31 წიგნი 25 ლ. წიგნსაცავი
          ბათუმის შოთა რუსთაველის სახელმწიფო უნივერსიტეტის მთავარი ბიბლიოთეკა ბათუმის შოთა რუსთაველის სახელმწიფო უნივერსიტეტის მთავარი ბიბლიოთეკა 2021-05-31 25.00 338.48(075.8) მ–59 26548 2021-05-31 26548 2021-05-31 წიგნი 25 ლ. წიგნსაცავი
          ბათუმის შოთა რუსთაველის სახელმწიფო უნივერსიტეტის მთავარი ბიბლიოთეკა ბათუმის შოთა რუსთაველის სახელმწიფო უნივერსიტეტის მთავარი ბიბლიოთეკა 2021-05-31 25.00 338.48(075.8) მ–59 26549 2021-05-31 26549 2021-05-31 წიგნი 25 ლ. წიგნსაცავი